Geography by Region-British Isles - Statistics

General Stats
  • This quiz has been taken 34 times
  • The average score is 17 of 32
Answer Stats
Type of Geography Part of British Isles Answer % Correct
Loch Scotland Ness
100%
River England Thames
91%
Sea Ireland,Scotland,Wales,England,and Northern Ireland Irish
88%
Loch Scotland Lomond
88%
Channel England English
84%
Firth Scotland Forth
84%
Island chain Scotland Orkney
84%
Island chain Scotland Shetland
84%
River Wales Severn
75%
Island chain Scotland Inner Hebrides
72%
Island chain Scotland Outer Hebrides
72%
Region Wales Snowdon
69%
River Scotland Clyde
66%
Bay Wales Cardigan
59%
Lough Northern Ireland Neagh
59%
River Ireland Shannon
59%
Region Scotland Highlands
56%
Channel Wales Bristol
53%
River England Trent
53%
Sea Wales,England,and Ireland Celtic
41%
River England Tyne
41%
Firth Scotland Moray
38%
Mountain Range Scotland Grampian
34%
Strait England Dover
22%
Island chain Ireland Aran
16%
Hills England Cotswold
16%
Mountain Range Wales Cambrian
13%
River Ireland Suir
9%
Mountain Range Ireland Wicklow
9%
River Ireland Barrow
6%
Bay Ireland Donegal
6%
River Ireland Nore
6%
No matching quizzes found
Score Distribution
Percent of People with Each Score
Percentile by Number Answered
Your Score History
You have not taken this quiz